Czy będziesz miał łut szczęścia? - Statystyki

Ogólne statystyki
  • Ten quiz został rozwiązany 52 razy
  • Średni wynik to 6 z 22
Answers on the Grid
Answers color-coded by a green-red scale on the quiz's grid according to % correct below.
?
?
?
?
?
?
?
?
?
?
?
?
?
?
?
?
?
?
?
?
?
?
?
?
?
 
Statystyki odpowiedzi
Odpowiedź % Poprawnych
?
54%
?
38%
?
38%
?
38%
?
35%
?
35%
?
31%
?
27%
?
27%
?
27%
?
27%
?
23%
?
23%
?
23%
?
23%
?
23%
?
19%
?
19%
?
19%
?
15%
?
15%
?
12%
Nie znaleziono quizów pasujących do podanych kryteriów
Rozkład punktacji
Procent ludzi z każdym wynikiem
Percentyl według liczby udzielonych odpowiedzi
Twoja historia wyników
Nie rozwiązałeś tego quizu